Financiamiento de proyectos
Gorde:
| Egile nagusia: | |
|---|---|
| Erakunde egilea: | |
| Formatua: | Liburua |
| Hizkuntza: | gaztelania |
| Argitaratua: |
Santiago
CINDA
1989
|
| Saila: | Serie Manuales I & D
|
| Gaiak: | |
| Etiketak: |
Etiketa erantsi
Etiketarik gabe, Izan zaitez lehena erregistro honi etiketa jartzen!
|
MARC
| LEADER | 00000nam a2200000 a 4500 | ||
|---|---|---|---|
| 001 | UCV3762 | ||
| 003 | CL-VaPUC | ||
| 008 | 911024e19890000CL |||||||||||||||||spa|d | ||
| 082 | 0 | 4 | |a 602 |b MAR |2 21 |
| 100 | |a Martínez Pavez, Carlos |e autor |9 363420 | ||
| 110 | 2 | |a CINDA |e author |9 298082 | |
| 245 | 1 | 0 | |a Financiamiento de proyectos |
| 300 | |a 134 p | ||
| 942 | |c BK | ||
| 945 | |d 19911024 00:00:00 | ||
| 260 | |a Santiago |b CINDA |c 1989 | ||
| 650 | 7 | |a DESARROLLO CIENTIFICO Y TECNOLOGICO |2 CL-VaPUC |9 259101 | |
| 650 | 0 | |a Proyectos de investigación |9 259727 | |
| 650 | 7 | |a INNOVACIONES TECNOLOGICAS |2 CL-VaPUC |9 298083 | |
| 583 | |a last modification |c 19911024 00:00:00 |k Rodrigo Vera | ||
| 490 | 0 | |a Serie Manuales I & D | |
| 999 | |c 210892 |d 210890 | ||
| 952 | |0 0 |1 0 |4 0 |6 602_000000000000000_MAR_1989 |7 0 |8 A |9 187896 |a BIBALI |b BIBALI |c GEN |d 2019-11-14 |i 2553902 |o 602 MAR 1989 |p 2553902 |r 2025-01-20 |w 2019-11-14 |y BK |k ALI | ||
| 952 | |0 0 |1 0 |4 0 |6 602_000000000000000_MAR_1989 |7 0 |8 A |9 187897 |a BIBENE |b BIBENE |d 2019-11-14 |i 3200957 |o 602 MAR 1989 |p 3200957 |r 2025-01-15 |w 2019-11-14 |y BK |k ICO | ||